| 000 | 00647nam a2200241Ia 4500 | ||
|---|---|---|---|
| 003 | OSt | ||
| 005 | 20220924131852.0 | ||
| 006 | a|||||r|||| 00| 0 | ||
| 007 | ta | ||
| 008 | 220923b |||||||| |||| 00| 0 tel d | ||
| 024 | _a339868 | ||
| 037 | _cTextual | ||
| 040 |
_aARTS _cARTS _btel |
||
| 041 |
_2tel _atel |
||
| 082 | _a035,3NCA1,28, M0;1 | ||
| 100 |
_aLatha Au. _9191505 |
||
| 245 | 0 | _aYedi Nityam | |
| 260 |
_aVijayawada _bNageshwari Publications India _c1980 |
||
| 300 |
_a220p. _ccm. |
||
| 650 | _aTELUGU LITERATURE | ||
| 942 |
_h035,3NCA1,28, M0;1 _cTEXL _2CC |
||
| 999 |
_c428491 _d428491 |
||